000 00780nam a2200253 a 4500
999 _c1747
_d1747
007 ta
008 200117t1997 xxuadb|g |||| 00| 0 eng d
020 _a9780821339190
040 _aKO
_beng
041 0 _aeng
044 _axxu
082 0 4 _223
_a363.7386
_bD7594
245 1 0 _aRains-Asia An Assessment Model for Acide Deposition in Asia /
_cRobert J. Downing...[et al.]
260 _aWashington, D. C. :
_bThe World Bank ,
_c1997.
300 _axiii , 67 p. :
_bcol.ill., col.charts., col.maps. ;
_c24 cm
490 0 _aDirections in Development ;
650 0 _aAcid rain
_xEnvironmental aspects
_vTextbooks
700 _aDowning, Robert J.
_eaut
700 _aRamankutty, Ramesh
_eaut
700 _aShah, Jitendra J.
_eaut
904 _aReshma_R
942 _cRT